Normal view
MARC view
Entry Uniform Title
001 - CONTROL NUMBER
- control field: 53339
003 - CONTROL NUMBER IDENTIFIER
- control field: dpl
005 - DATE AND TIME OF LATEST TRANSACTION
- control field: 20121025112108.0
008 - FIXED-LENGTH DATA ELEMENTS
- fixed length control field: 121025|||a|||||| | ||| d
040 ## - CATALOGING SOURCE
- Original cataloging agency: dpl
- Transcribing agency: dpl
130 ## - HEADING--UNIFORM TITLE
- Uniform title: tata McGraw Hill's teach and learn English series
670 ## - SOURCE DATA FOUND
- Source citation: Work cat.: (dpl)71073: Arora, Navita 53334, English language teaching :, 2012
670 ## - SOURCE DATA FOUND
- Source citation: Work cat.: (dpl)71073: Arora, Navita 53334, English language teaching :, 2012
